| 000 | 00550nam a22001817a 4500 | ||
|---|---|---|---|
| 005 | 20240923101246.0 | ||
| 008 | 240920b |||||||| |||| 00| 0 eng d | ||
| 020 | _a978-93-5480-720-6 | ||
| 041 | _aeng | ||
| 082 | _a363.345 | ||
| 100 |
_aBAJBAI, DR. ASHUTOSH & ARORA, DR. SHWETA AND MAURYA, DR. NEELAM _98576 |
||
| 245 | _aENVIRONMENTAL EDUCATION AND DISASTER MANAGEMENT [ D. PHARMA 2ND YEAR ] | ||
| 250 | _a1ST ED, 2023 | ||
| 260 |
_aLUCKNOW _bTHAKUR PUBLICATION PVT.LTD |
||
| 300 | _a192; P | ||
| 650 |
_aPHARMACY _xD.PHARMA |
||
| 942 | _cBK | ||
| 999 |
_c8705 _d8703 |
||